LEADER 01725nam 2200373Ia 450 001 996389267303316 005 20210104171830.0 035 $a(CKB)4940000000094828 035 $a(EEBO)2240884236 035 $a(OCoLC)ocn690986704e 035 $a(OCoLC)690986704 035 $a(EXLCZ)994940000000094828 100 $a20101209d1644 uy 0 101 0 $aeng 135 $aurbn||||a|bb| 200 10$aThreno?dia$b[electronic resource] $eThe churches lamentation for the good man's losse: delivered in a sermon to the right honorable the two Houses of Parliament and the Reverend Assembly of Divines at the funerall [sic] of that excellent man John Pym Esquire, late a member of the Honorable House of Commons. /$fPreached in the Abbey-church of Westminster by Stephen Marshall, B.D. Minister of Gods word at Finching-field in Essex 210 $aPrinted at London $cFor Stephen Bowtell and are to bee [sic] sold at his shop at the Sign of the Bible in Popes-head-alley$d1644 215 $a[5], 30 p. $cport 300 $a"Published by order of the House of Commons." 300 $aPortrait of John Pym on frontispiece. 300 $aTitle within ornamental border, headpieces, tailpiece, initials, marginal notes. 300 $aReproduction of original in: Corpus Christi College (University of Oxford). Library. 330 $aeebo-0030 606 $aFuneral sermons$zEngland$vEarly works to 1800 606 $aSermons, English$vEarly works to 1800 615 0$aFuneral sermons 615 0$aSermons, English 700 $aMarshall$b Stephen$f1594?-1655.$01001459 801 0$bUMI 801 1$bUMI 906 $aBOOK 912 $a996389267303316 996 $aThreno?dia$92334962 997 $aUNISA